|
|
|
|
| LEADER |
01122nam a2200277 a 4500 |
| 001 |
4395815 |
| 008 |
100731s1993 ilua b 001 0 eng d |
| 010 |
|
|
|a 92021073
|
| 020 |
|
|
|a 025611434x
|
| 020 |
|
|
|a 0256101280
|
| 040 |
|
|
|a DLC
|c DLC
|d DLC
|d DB-DhAAL
|
| 082 |
0 |
0 |
|a 657
|2 20
|
| 100 |
1 |
|
|a Larson, Kermit D.
|
| 245 |
1 |
0 |
|a Study guide for use with Foundamental accounting priniples /
|c Kermit D. Larson, Paul B.W. Miller.
|
| 250 |
|
|
|a 13th ed.
|
| 260 |
|
|
|a Homewood, IL :
|b Irwin,
|c c1993.
|
| 300 |
|
|
|a v, 253 p. :
|b ill. ;
|c 26 cm.
|
| 500 |
|
|
|a "Chapters 1-13"--Cover.
|
| 504 |
|
|
|a Includes bibliographical references and index.
|
| 541 |
1 |
|
|e 00007197
|
| 650 |
|
0 |
|a Accounting.
|
| 700 |
1 |
|
|a Miller, Paul B. W.
|
| 852 |
4 |
|
|a Ayesha Abed Library
|j General Shelf.
|
| 999 |
|
|
|c 9289
|d 9289
|
| 952 |
|
|
|0 0
|1 0
|2 ddc
|4 0
|6 657_LAR_199300000000000
|7 0
|9 11720
|a BRACUL
|b BRACUL
|c GEN
|d 2010-08-24
|l 2
|m 23
|o 657 LAR
|p 3010007197
|r 2025-04-15
|s 2024-10-29
|t 1
|w 2010-08-24
|y BK
|
| 952 |
|
|
|0 0
|1 0
|2 ddc
|4 0
|6 657_000000000000000_LAR
|7 0
|9 53098
|a SCL
|b SCL
|c GEN
|d 2015-03-14
|e Gift: The Asia Foundation
|l 0
|o 657 LAR
|p 3020000268
|r 2015-03-14
|t 2
|w 2015-03-14
|y BK
|